Нормален изглед
MARC изглед
- Бояджиев, Иво
Вход 01. Лично име
001 - Контролен номер на записа
- Контролно поле: 341889
003 - Код на организацията, даваща контролен номер
- Контролно поле: BLK
005 - Дата и час на последна промяна на записа
- Контролно поле: 20180420235938.0
008 - Данни с фиксирана дължина – обща информация
- Данни с фиксирана дължина : 180420|| aca||aabn | a|a d
100 ## - ИМЕ НА ЛИЦЕ -ПЪРВИЧНА ИНТЕЛЕКТУАЛНА ОТГОВОРНОСТ
- Лично име: Бояджиев, Иво
- Ключова дума за отношение: прев. от пол. и послесл.
942 ## - Системна служебна употреба
- Koha auth type: PERSO_NAME